Colonizers of Asia Quiz - Statistics

General Stats
  • This quiz has been taken 125 times
  • The average score is 38 of 40
Answers on the Map
Answers color-coded by a green-red scale on the quiz's map according to % correct below.
 
Answer Stats
Country % Correct
United Kingdom
98%
United Kingdom
98%
United Kingdom
98%
United Kingdom
98%
United Kingdom
98%
United Kingdom
98%
United Kingdom
98%
United Kingdom
98%
United Kingdom
98%
United Kingdom
98%
United Kingdom
98%
United Kingdom
98%
United Kingdom
98%
United Kingdom
98%
United Kingdom
98%
United Kingdom
98%
United Kingdom
98%
United Kingdom
98%
United Kingdom
98%
United Kingdom
98%
United Kingdom
98%
United Kingdom
98%
France
95%
France
95%
France
95%
France
95%
Japan
90%
Japan
90%
Japan
90%
Netherlands
90%
Russia/USSR
88%
Russia/USSR
88%
Russia/USSR
88%
Russia/USSR
88%
Russia/USSR
88%
Russia/USSR
88%
Russia/USSR
88%
Russia/USSR
88%
Spain
87%
Portugal
77%
No matching quizzes found
Score Distribution
Percent of People with Each Score
Percentile by Number Answered
Your Score History
You have not taken this quiz